000
00264nam a22001097a 4500
008
240712b |||||||| |||| 00| 0 eng d
100
_a
Vaswani, Jashan
_9
16936
245
_a
Shant je Pardi Me
260
_c
1969.
_a
Sant mala;
_b
Poona:
300
_a
181p.
942
_c
BK
999
_c
40055
_d
40055